Statystyki dla Wszyscy zwycięzcy Jupiter Pro League

Kliknij tutaj aby rozwiązać quiz!

Ogólne statystyki

  • Ten quiz został rozwiązany 24 razy
  • Średni wynik to 5 z 10

Statystyki odpowiedzi

WygraneOdpowiedź% Poprawnych
34Anderlecht
94%
18Club Brugge
94%
4Genk
78%
1Gent
78%
5Royal Antwerp
78%
10Standard Liege
50%
3Cercle Brugge
33%
11USG
11%
4Mechelen
6%
2Luttich
0%

Rozkład punktacji

Percentyl według liczby udzielonych odpowiedzi

Procent ludzi z każdym wynikiem

Twoja historia wyników

Nie rozwiązałeś tego quizu